| 000 | 00518nam a2200169 a 4500 | ||
|---|---|---|---|
| 001 | 000035828 | ||
| 005 | 20200930074638.0 | ||
| 008 | 111115s1971 sp 000 0 spa d | ||
| 040 |
_aDO-SdBNP _bspa _cBNPHU |
||
| 082 |
_axxx _bS445m, |
||
| 100 | 1 |
_aSeco, Rafael. _961797 |
|
| 245 | 1 | 0 |
_aManual de gramática española / _cRafael Seco ; revisado y ampliado Manuel Seco. |
| 250 | _a9a ed., 3 reimp. | ||
| 260 |
_aMadrid, España : _bAguilar, _c1971. |
||
| 300 |
_axviii, 322 p. ; _c19 cm. |
||
| 700 | 1 |
_aSeco, Manuel _921990 |
|
| 999 |
_c35319 _d35319 |
||